000 00583nam a2200145Ia 4500
008 220214s9999 xx 000 0 und d
022 _a0036-8512
245 0 _aSCIENCE REPORTER
260 _bCouncil of Scientific and Industrial Research, New Delhi
_aIndia
310 _aM
500 _aEnding Volume & Year: 36, 1999
500 _aMissing Volume: 2(7);5(8);6;7(12);8(1,2);9(2-4);11;13(2,6,8);14(10);15(9-12);16(1);17(4,6-10);18(1,8-11);24(1-3,5-8,12);26(1,12);27(1,8);28(2,7,10);29(3,4);33(1-4,10);34(3,5-8,10,12);36(8-12)
500 _aStarting Volume & Year: 1, 1964
942 _cBJ
999 _c685
_d685